[Event "IECC M email"]
[Site "IECC email"]
[Date "2000.03.01"]
[Round "?"]
[White "Dinan, Bradley"]
[Black "Rottman, Joe"]
[Result "0-1"]
[WhiteElo "1147"]
[BlackElo "1406"]
[PlyCount "22"]
[EventDate "2000.??.??"]
[EventType "tourn (corr)"]
[EventRounds "2"]
[SourceTitle "Corr 2008"]
[Source "ChessBase"]
[SourceDate "2008.06.24"]
[SourceVersion "1"]
[SourceVersionDate "2008.06.24"]
[SourceQuality "1"]

1. d4 Nf6 2. c4 e6 3. Nf3 Bb4+ 4. Nbd2 0-0 5. a3 Bxd2+ 6. Bxd2 d5 7. Bc3 Re8 8. e3 Nc6 9. c5 Nb4 10. axb4 Ne4 11. Bd3 Ng5 0-1